Sports Quiz

Random Sports or WWE Quiz
Score 0/47 Timer 08:00
0 Plays Today
% Correct
Hardcore Holly
89.2%
Crash Holly
88%
Mankind
86.9%
Mighty Molly
83.3%
Godfather's Ho
79.5%
Jeff Hardy
78.9%
Undertaker
77.5%
Kane
77.3%
Raven
77.1%
Matt Hardy
76.7%
Big Show
74.1%
Rob Van Dam
74.1%
Christian
70.1%
Al Snow
68.9%
Bubba Ray Dudley
63.5%
Big Boss Man
63.1%
Billy Gunn
63.1%
Spike Dudley
63.1%
Bradshaw
62.4%
Tommy Dreamer
62.2%
Shane McMahon
60.2%
Tazz
58.6%
Chris Jericho
58%
Test
57.6%
% Correct
Road Dogg
57%
Maven
56%
Steve Blackman
55.2%
Hurricane
54%
Kurt Angle
53.6%
Goldust
51.6%
Rhyno
50.4%
Steven Richards
46.4%
Perry Saturn
46.2%
Pete Gas
44.2%
William Regal
43.6%
Trish Stratus
39.6%
Gerald Brisco
38.6%
Pat Patterson
37.6%
Booker T
36.1%
Mike Awesome
34.9%
British Bulldog
31.7%
Terri Runnels
30.9%
Justin Credible
27.9%
Shawn Stasiak
24.5%
Johnny Stamboli
15.9%
Christopher Nowinski
15.7%
K-Kwik
13.9%
Remove Ads.
Support Sporcle.
Get the best of Sporcle when you Go Orange. This ad-free experience offers more features, more stats, and more fun while also helping to support Sporcle. Thank you for becoming a member.

You're not logged in!

Compare scores with friends on all Sporcle quizzes.
OR
Log In

Show Comments

Extras

Top Quizzes Today


Score Distribution

Your Account Isn't Verified!

In order to create a playlist on Sporcle, you need to verify the email address you used during registration. Go to your Sporcle Settings to finish the process.

Report this User

Report this user for behavior that violates our Community Guidelines.

Details: